Begins with 'BAR' Quiz Stats

 Plays Quiz Updated Jun 22, 2015

Score 0/24 Timer 05:00
0 Plays Today
Clue BAR Thing % Correct
Fashion doll whose boyfriend is KenBarbie
99.3%
Someone who cuts hairbarber
99.3%
Island nation in the CaribbeanBarbados
93%
Instrument for measuring atmospheric pressurebarometer
92.1%
One who serves coffee at a shop or cafébarista
91.5%
Spanish city and 1992 Summer Olympics' hostBarcelona
90.4%
A really good deal when shoppingbargain
89.5%
Male voice between bass and tenorbaritone
88.1%
Structure set up to obstruct passage in or outbarricade/barrier
85.1%
A building for lodging soldiersbarracks
84.9%
Marine crustacean often attached to a boatbarnacle
84.3%
The 44th US President or just his first nameBarack Obama
84.2%
Clue BAR Thing % Correct
Largest US book retailerBarnes & Noble, Inc.
78.7%
Fearsome ray-finned fish or a song by Heartbarracuda
77.3%
Art/music/architecture style dating to around 1600Baroque
73.7%
A clip for holding hair in placebarrette
58.4%
An often ferocious heathen or uncivilized vandalbarbarian
54.1%
One of the elements of the alkaline earthsbarium
52.6%
A member of the lowest rank of English peeragebaron(ess)
52.6%
A type of pear or the president on 'The West Wing'Bartlet(t)
52.5%
Fenced in area around the main building on a farmbarnyard
51%
A Spanish-speaking neighborhood of a citybarrio
48.4%
The product made by a cooperbarrel
47.3%
Canadian band known for 'If I Had $1000000'Barenaked Ladies
39.7%

You're not logged in!

Compare scores with friends on all Sporcle quizzes.
OR
Log In

Sporcle TV

Today on Sporcle TV


Watch our educational content, quiz creation guides, and fun videos on Sporcle TV.

Show Comments

Extras

Top Quizzes Today


Score Distribution

Your Account Isn't Verified!

In order to create a playlist on Sporcle, you need to verify the email address you used during registration. Go to your Sporcle Settings to finish the process.

Report this User

Report this user for behavior that violates our Community Guidelines.

Details: